| 000 | 00541nam a2200193 i 4500 | ||
|---|---|---|---|
| 001 | 33690 | ||
| 003 | ES-MaACL | ||
| 005 | 20230906154813.0 | ||
| 007 | t| | ||
| 008 | 030203s1987 sp ||||1| spa d | ||
| 100 | 1 |
_aBishop, Peter. _929010 |
|
| 245 | 1 | 0 |
_aProgramación avanzada en Basic / _cPeter Bishop ; traducción, Alfredo Cruz. |
| 250 | _a2ª ed. | ||
| 260 |
_aMadrid : _bAnaya Multimedia, _c1987. |
||
| 300 |
_a622 p. ; _c23 cm. |
||
| 500 | _aIndice. | ||
| 700 | 1 |
_aCruz, Alfredo. _941783 |
|
| 852 |
_aES-MaACL _jL-12310 _bR.115049 |
||
| 999 |
_c33690 _d33690 |
||